| 000 | 00406cam a2200169ua 4500 | ||
|---|---|---|---|
| 020 | _c4.50 | ||
| 041 |
_amal _h |
||
| 082 |
_a894.812308 _bBEC/VO |
||
| 100 | _aBek, Alexander . | ||
| 245 |
_aVolokdlamsk highway / _cAlexander Bek. _hTextual Documents |
||
| 260 |
_aThrissur : _bCurrent Books , _c1963. |
||
| 300 | _a455 ; . | ||
| 365 | _a4.50 | ||
| 504 | _a | ||
| 942 | _cBK | ||
| 999 |
_c4252 _d4252 |
||